| 000 | 00361 a2200133 4500 | ||
|---|---|---|---|
| 005 | 20250523115848.0 | ||
| 020 | _a0-900607-29-7 | ||
| 082 | _a658.72 STE | ||
| 245 | _aCase Studies in Purchasing and Supply. | ||
| 260 |
_aBritain, _bInstitute of Purchasing and Supply, _c1985. |
||
| 300 |
_axviii, 87p.: ill.; _c21cm. |
||
| 700 | _aSTEVENS, J. M. | ||
| 942 |
_2ddc _cBKS |
||
| 999 |
_c2565 _d2565 |
||